000 00846nam a22002297a 4500
999 _c20114
_d20114
003 AR-CdUCM
008 190527b ||||| |||| 00| 0 spa d
040 _aMUNICIPALIDAD PROVINCIAL DEL CUSCO
_cBIBLIOTECA MUNICIPAL DEL CUSCO
041 _heng
082 _a332 /
_bM78
100 _aMoore, Basil J.
_942073
245 _aIntroducción a la teoría financiera /
260 _aBuenos Aires :
_bAmorrortu Editores,
_c1971.
300 _a293 páginas ;
_c23 cm.
505 _aContenido: Introducción al análisis financiera -- Principios del comportamiento financiero -- Interrelación del comportamiento económico real y financiero...
650 _aFinanzas
_94496
650 _aEconomía
_9382
650 _aTeoría económica
_94478
700 _aBopp, Roberto (traducción)
_942074
942 _2ddc
_cLIBROS
945 _adavv
_d2019-05-27